গানের ঝরণাতলায় / (Record no. 381)
[ view plain ]
| 000 -LEADER | |
|---|---|
| fixed length control field | 00701nam a2200229 a 4500 |
| 001 - CONTROL NUMBER | |
| JCCL Control Number | 381 |
| 003 - CONTROL NUMBER IDENTIFIER | |
| JCCL marc code | BD-JhCC |
| 005 - DATE AND TIME OF LATEST TRANSACTION | |
| control field | 20200227134007.0 |
| 008 - FIXED-LENGTH DATA ELEMENTS--GENERAL INFORMATION | |
| fixed length control field | 171004s1997 bg ||||| |||| 00| 0 ben d |
| 020 ## - INTERNATIONAL STANDARD BOOK NUMBER | |
| International Standard Book Number | 9844150507 |
| 035 ## - SYSTEM CONTROL NUMBER | |
| system control number | (BD-JhCC)381 |
| 040 ## - CATALOGING SOURCE | |
| Original cataloging agency | BD-JhCC |
| Modifying agency | BD-JhCC |
| 041 ## - LANGUAGE CODE | |
| Language code of Book | ben |
| 082 ## - DEWEY DECIMAL CLASSIFICATION NUMBER | |
| Classification number | 784.0954 |
| Author mark and Year | MRI 1997 |
| 100 ## - MAIN ENTRY--PERSONAL NAME | |
| Personal name | চক্রবর্তী ,মৃদুলকান্তি |
| 245 ## - TITLE STATEMENT | |
| Title | গানের ঝরণাতলায় / |
| Statement of responsibility, etc | মৃদুলকান্তি চক্রবর্তী , |
| 260 ## - PUBLICATION, DISTRIBUTION, ETC. (IMPRINT) | |
| Place of publication, distribution, etc | ঢাকা , |
| Name of publisher, distributor, etc | অবসর , |
| Date of publication, distribution, etc | ১৯৯৭ |
| 300 ## - PHYSICAL DESCRIPTION | |
| Pagination | 96p. ; |
| Dimensions | 22cm. |
| 650 ## - SUBJECT ADDED ENTRY--TOPICAL TERM | |
| Topical term or geographic name as entry element | Songs ,Bengali |
| Geographic subdivision | India |
| 942 ## - ADDED ENTRY ELEMENTS (KOHA) | |
| Source of classification or shelving scheme | Dewey Decimal Classification |
| Koha item type | Books |
| Koha issues (borrowed), all copies | 2 |
| Source of classification or shelving scheme | Damaged status | Not for loan | Home library | Current library | Date of accession | Cost, normal purchase price | Total Checkouts | Full call number | Barcode | Date last seen | Date checked out | Copy number | Koha item type |
|---|---|---|---|---|---|---|---|---|---|---|---|---|---|
| Dewey Decimal Classification | JCC Rouf Library | JCC Rouf Library | 10/04/2017 | 60.00 | 1 | 784.0954 MRI 1997 | 1529 | 11/01/2020 | 02/26/2020 | C-1 | Books |